Educación democrática /

Guardado en:
Autor Principal: Alexandre, Mario
Formato: Libro
Publicado: Buenos Aires : Civismo, 1971
Edición:9a. ed.
Materias:
Etiquetas: Agregar Etiqueta
Sin Etiquetas, Sea el primero en etiquetar este registro!
LEADER 00455nam a22001695a 4500
001 CEM.cems000443
005 20060210000000.0
008 130507s1971##################000#0#####d
003 CEMS
082 0 4 |a 320 
100 1 |a Alexandre, Mario 
245 1 0 |a Educación democrática / 
250 |a 9a. ed. 
260 |a Buenos Aires :  |b Civismo,  |c 1971 
300 |a 313 p. 
653 |a Ciencias politicas 
859 |a CEMS  |b BIB. CEMS - 11 de abril  |h 320  |i Al27a9/III  |p 10327.81  |t Ej.1